000 00385nam a2200157Ia 4500
008 230917s9999||||xx |||||||||||||| ||und||
020 _cPON2
040 _e12472
_aMAIN
041 _aEnglish
082 _a301.4442 T372M
100 _aThompson, E P
245 0 _aMaking of the english working class
260 _aMiddlesex
_bPenguin books
_c1977
300 _a947 p.
942 _cBK
999 _c186703
_d186703